Loss models from data to decisions

Gespeichert in:
Bibliographische Detailangaben
1. Verfasser: Klugman, Stuart A.
Weitere Verfasser: Panjer, Harry H., Willmot, Gordon E.
Format: Buch
Sprache:Englisch
Veröffentlicht: New York John Wiley & Sons, Inc. 1998
Schlagworte:
Tags: Tag hinzufügen
Keine Tags, Fügen Sie das erste Tag hinzu!

MARC

LEADER 00000nam$a2200000$$$4500
001 0010978
005 20221129101342.3
020 |a 0-471-23884-8 
041 0 |a eng 
044 |a US 
245 1 0 |a Loss models  |b from data to decisions  |c Stuart A. Klugman, Harry H. Panjer, Gordon E. Willmot ; with assistance from Gary G. Venter 
264 1 |a New York  |b John Wiley & Sons, Inc.  |c 1998 
300 |a xiii, 644 s. 
610 2 0 |a metódy štatistické 
610 2 0 |a modely matematické 
610 2 0 |a štatistika matematická 
100 1 |a Klugman, Stuart A. 
700 1 |a Panjer, Harry H. 
700 1 |a Willmot, Gordon E.